[Event "aut_ychb18 Bad Ischl"]
[Site "?"]
[Date "2007.04.02"]
[Round "4.5"]
[White "Ressmann, Walter"]
[Black "Pachta, Paul"]
[Result "0-1"]
[WhiteElo "1825"]
[BlackElo "2256"]
[PlyCount "43"]
[EventDate "2007.03.31"]

1. f3 d5 2. g3 e5 3. Nh3 f5 4. e4 fxe4 5. fxe4 Nf6 6. Nf2 Bc5 7. Nd3 Bb6 8.
Nxe5 O-O 9. d4 Nxe4 10. Be3 Nc6 11. Nxc6 bxc6 12. c3 Qe7 13. Qe2 a5 14. Na3
Nxc3 15. bxc3 Qxa3 16. Qd2 Bf5 17. Bg2 Bg6 18. Bf4 Rae8+ 19. Be5 Rxe5+ 20. dxe5
Rf2 21. Qxf2 Bxf2+ 22. Kxf2 0-1

[Event "aut_ychb18 Bad Ischl"]
[Site "?"]
[Date "2007.04.02"]
[Round "4.6"]
[White "Azad, Razik"]
[Black "Bisztyga, Oliver"]
[Result "1-0"]
[WhiteElo "1974"]
[BlackElo "1600"]
[PlyCount "145"]
[EventDate "2007.03.31"]

1. e4 e6 2. d4 d5 3. Nd2 dxe4 4. Nxe4 Bd7 5. Nf3 Bc6 6. Bd3 Nd7 7. O-O Ngf6 8.
Nxf6+ Nxf6 9. c3 Be7 10. Ne5 Qd5 11. Nxc6 Qxc6 12. Qe2 O-O 13. Bg5 Qb6 14. Rad1
c6 15. Bb1 Qb5 16. Qxb5 cxb5 17. a3 Rfd8 18. Bd3 a6 19. Be2 Rd7 20. f4 Nd5 21.
Bxe7 Rxe7 22. Rf3 Rc7 23. Bd3 g6 24. h4 f5 25. Re1 Kf7 26. g3 h5 27. Rf2 Rd8
28. Rfe2 Rd6 29. Bc2 Kf6 30. Bb3 Rcc6 31. Re5 Nb6 32. Kf2 Nc4 33. Bxc4 bxc4 34.
R1e2 Rd5 35. Ke1 Rb6 36. Kd1 a5 37. a4 Rbd6 38. Kc2 Ke7 39. Rxd5 Rxd5 40. b3
cxb3+ 41. Kxb3 b6 42. Kc4 Kd7 43. Rb2 Kc7 44. Rb5 Kc6 45. Rb1 Kc7 46. Kd3 Kc6
47. c4 Rd7 48. Rb5 Rd8 49. Re5 Re8 50. d5+ Kd6 51. Kd4 Re7 52. Rxe6+ Rxe6 53.
dxe6 Kxe6 54. c5 bxc5+ 55. Kxc5 Ke7 56. Kd5 Kd7 57. Kc5 Kc7 58. Kb5 Kd6 59.
Kxa5 Kc5 60. Ka6 Kd4 61. Kb5 Ke4 62. a5 Kf3 63. a6 Kxg3 64. a7 Kxh4 65. a8=Q
Kg3 66. Kc4 Kxf4 67. Kd3 g5 68. Ke2 g4 69. Qb8+ Kg5 70. Qd8+ Kf4 71. Qd6+ Kg5
72. Qe7+ Kf4 73. Qe3# 1-0

[Event "aut_ychb18 Bad Ischl"]
[Site "?"]
[Date "2007.04.02"]
[Round "4.7"]
[White "Klocker, Benedikt"]
[Black "Pfneiszl, Markus"]
[Result "1/2-1/2"]
[WhiteElo "2008"]
[BlackElo "1893"]
[PlyCount "134"]
[EventDate "2007.03.31"]

1. e4 d5 2. exd5 Qxd5 3. Nc3 Qa5 4. d4 Nf6 5. Nf3 Bg4 6. Bd2 c6 7. h3 Bh5 8.
Bc4 Qc7 9. O-O e6 10. Re1 Be7 11. Ne4 Nxe4 12. Rxe4 O-O 13. Bc3 Bg6 14. Re3 Nd7
15. Ne5 Nxe5 16. Rxe5 Rad8 17. Bd3 Bf6 18. Bxg6 hxg6 19. Re4 c5 20. Qg4 cxd4
21. Bxd4 Bxd4 22. Rxd4 Qxc2 23. Rad1 Rc8 24. R4d2 Qc4 25. Qxc4 Rxc4 26. Rd7 Rb4
27. b3 a5 28. g3 a4 29. bxa4 Rxa4 30. Rxb7 Rxa2 31. Rdd7 Ra5 32. Re7 Rf5 33.
Kg2 Rd8 34. Rbd7 Rxd7 35. Rxd7 g5 36. g4 Rd5 37. Ra7 g6 38. Kg3 Kg7 39. Kg2 Kf6
40. Kf3 Rd3+ 41. Kg2 Rd6 42. Kf3 e5 43. Ke4 Rd4+ 44. Kf3 Rf4+ 45. Ke3 e4 46.
Ra5 Rf3+ 47. Kxe4 Rxf2 48. Rb5 Rf4+ 49. Ke3 Ra4 50. Kf3 Ra3+ 51. Kg2 Re3 52.
Ra5 Re5 53. Ra6+ Kg7 54. Ra7 Rd5 55. Kf3 Rd3+ 56. Kg2 Kf6 57. Ra5 Re3 58. Rb5
Re5 59. Rb6+ Ke7 60. Rb7+ Ke6 61. Rb6+ Ke7 62. Rb7+ Kf8 63. Rb8+ Re8 64. Rb6
Kg7 65. Rb7 Rf8 66. Ra7 Kh6 67. Ra6 Kg7 1/2-1/2

[Event "aut_ychb18 Bad Ischl"]
[Site "?"]
[Date "2007.04.02"]
[Round "4.8"]
[White "Wetscher, Wolfgang"]
[Black "Weinberger, Simon"]
[Result "1-0"]
[WhiteElo "1663"]
[BlackElo "1982"]
[PlyCount "103"]
[EventDate "2007.03.31"]

1. Nf3 d5 2. d4 Bf5 3. g3 Nf6 4. Bg2 e6 5. Nbd2 c5 6. c3 Nc6 7. O-O cxd4 8.
Nxd4 Bg6 9. N2f3 Be7 10. Re1 O-O 11. Nh4 e5 12. Nxg6 hxg6 13. Nb3 Qc7 14. Bg5
Ne4 15. Bxe7 Nxe7 16. Bxe4 dxe4 17. Qc2 f5 18. Rad1 e3 19. f3 Rad8 20. Rxd8
Rxd8 21. Rd1 a5 22. Rxd8+ Qxd8 23. Qd3 Qxd3 24. exd3 g5 25. Nc5 Ng6 26. Nxb7 f4
27. Nxa5 g4 28. fxg4 f3 29. Nc4 e2 30. Kf2 e4 31. dxe4 Kf7 32. a4 Ke6 33. a5
Kd7 34. b4 Kc6 35. e5 Kb5 36. Nd6+ Kc6 37. b5+ Kd5 38. Nf7 Kc5 39. b6 Kc6 40.
e6 Kb7 41. Ng5 Ne5 42. Nxf3 Nxg4+ 43. Kxe2 g5 44. e7 Ne5 45. Nxe5 g4 46. e8=Q
Ka6 47. Qa8+ Kb5 48. b7 Kc5 49. Nd3+ Kd6 50. b8=Q+ Ke6 51. Qb5 Kd6 52. Qaa6+
1-0

[Event "aut_ychb18 Bad Ischl"]
[Site "?"]
[Date "2007.04.02"]
[Round "4.9"]
[White "Redl, Stefan"]
[Black "Schmid, Andreas"]
[Result "1/2-1/2"]
[WhiteElo "1701"]
[BlackElo "1927"]
[PlyCount "25"]
[EventDate "2007.03.31"]

1. c4 e5 2. Nc3 Nf6 3. g3 a6 4. Bg2 Nc6 5. a3 d6 6. Nf3 Be6 7. b3 Qc8 8. d4 Bh3
9. O-O h5 10. dxe5 Nxe5 11. Nxe5 dxe5 12. Bg5 h4 13. Qd3 1/2-1/2

[Event "aut_ychb18 Bad Ischl"]
[Site "?"]
[Date "2007.04.02"]
[Round "5.1"]
[White "Froewis, Georg"]
[Black "Kuran, Avelino"]
[Result "1-0"]
[WhiteElo "2141"]
[BlackElo "2056"]
[PlyCount "77"]
[EventDate "2007.03.31"]

1. e4 g6 2. d4 Bg7 3. f4 d6 4. Nf3 Nf6 5. Nc3 c5 6. Bb5+ Nfd7 7. d5 a6 8. Bxd7+
Nxd7 9. a4 Qc7 10. O-O O-O 11. Qe2 b5 12. axb5 Bb7 13. Bd2 c4 14. bxa6 Rxa6 15.
Be3 Rfa8 16. Rae1 Nb6 17. f5 Nd7 18. h4 Bc8 19. h5 gxf5 20. Nh4 Nf8 21. Nxf5
Bxf5 22. exf5 Nd7 23. f6 Nxf6 24. h6 Bh8 25. Bd4 Kf8 26. Bxf6 exf6 27. Qe4 f5
28. Qxf5 Bd4+ 29. Kh1 f6 30. Ne4 Qf7 31. Nxf6 Bxf6 32. Qxf6 Qxf6 33. Rxf6+ Kg8
34. Re7 R6a7 35. Rxa7 Rxa7 36. Rxd6 Rb7 37. Rc6 Rxb2 38. Rxc4 Kh8 39. Rc8# 1-0

[Event "aut_ychb18 Bad Ischl"]
[Site "?"]
[Date "2007.04.02"]
[Round "5.2"]
[White "Fandler, Simon"]
[Black "Breneis, Lukas"]
[Result "0-1"]
[WhiteElo "2035"]
[BlackElo "2044"]
[PlyCount "92"]
[EventDate "2007.03.31"]

1. e4 c5 2. Nf3 e6 3. d4 cxd4 4. Nxd4 Nf6 5. Nc3 d6 6. Be2 Be7 7. O-O O-O 8.
Be3 Nc6 9. f4 a6 10. a4 Qc7 11. Nb3 b6 12. Bf3 Bb7 13. g4 Rfe8 14. Qe1 Nd7 15.
Qg3 Nc5 16. Nd4 Bf6 17. Nde2 Bxc3 18. Nxc3 Nb4 19. Rf2 d5 20. e5 Rad8 21. Rd1
Rd7 22. Rfd2 Bc6 23. a5 d4 24. Bxd4 Red8 25. axb6 Qxb6 26. Bxc6 Qxc6 27. Qf2
Ne4 28. Nxe4 Qxe4 29. Re1 Qg6 30. h3 h5 31. c3 hxg4 32. Kh2 Nd5 33. Rg1 Qh6 34.
Rxg4 Ne7 35. Re2 Nf5 36. Re4 g6 37. Bb6 Rb8 38. Re2 Rd3 39. Be3 Rbd8 40. Rg5
Kg7 41. Rg4 Rh8 42. Qf3 Qh5 43. Re1 Nxe3 44. Rxe3 Rxe3 45. Rxg6+ Qxg6 46. Qxe3
Rd8 0-1

[Event "aut_ychb18 Bad Ischl"]
[Site "?"]
[Date "2007.04.02"]
[Round "5.3"]
[White "Schwarhofer, Christopher"]
[Black "Pachta, Paul"]
[Result "1/2-1/2"]
[WhiteElo "2146"]
[BlackElo "2256"]
[PlyCount "61"]
[EventDate "2007.03.31"]

1. e4 c5 2. Nf3 d6 3. d4 cxd4 4. Nxd4 Nf6 5. Nc3 a6 6. Be3 Ng4 7. Bc1 Nf6 8. f3
e6 9. Be3 b5 10. g4 h6 11. Qd2 Nbd7 12. O-O-O Bb7 13. h4 b4 14. Na4 Qa5 15. b3
Nc5 16. a3 Nxa4 17. axb4 Qc7 18. bxa4 d5 19. e5 Nd7 20. f4 Nb6 21. f5 Nxa4 22.
fxe6 Nc3 23. exf7+ Kxf7 24. Bh3 Bxb4 25. Rdf1+ Kg8 26. Qd3 Na2+ 27. Kb1 Nc3+
28. Kc1 Na2+ 29. Kb1 Nc3+ 30. Kc1 Na2+ 31. Kb1 1/2-1/2

[Event "aut_ychb18 Bad Ischl"]
[Site "?"]
[Date "2007.04.02"]
[Round "5.4"]
[White "Radnetter, Georg"]
[Black "Azad, Razik"]
[Result "1-0"]
[WhiteElo "2094"]
[BlackElo "1974"]
[PlyCount "71"]
[EventDate "2007.03.31"]

1. e4 c5 2. Nf3 d6 3. d4 cxd4 4. Nxd4 Nf6 5. Nc3 a6 6. Be2 e5 7. Nb3 Be7 8. O-O
b5 9. f3 Bb7 10. Be3 O-O 11. Qd2 Nbd7 12. a4 b4 13. Na2 a5 14. c3 Nc5 15. Nac1
Nxb3 16. Nxb3 d5 17. exd5 Nxd5 18. Bb5 bxc3 19. bxc3 Nxe3 20. Qxe3 Qc7 21. Rad1
Rfd8 22. Kh1 h6 23. Rfe1 Rxd1 24. Rxd1 Rd8 25. Rxd8+ Qxd8 26. Qd3 Qb6 27. Qd7
Qf2 28. h3 Qe1+ 29. Kh2 Bh4 30. Qe8+ Kh7 31. Bd3+ g6 32. Qxf7+ Kh8 33. Qf8+ Kh7
34. Qf7+ Kh8 35. Qxg6 e4 36. Bc4 1-0

[Event "aut_ychb18 Bad Ischl"]
[Site "?"]
[Date "2007.04.02"]
[Round "5.5"]
[White "Lampl, Gerald"]
[Black "Wetscher, Wolfgang"]
[Result "1-0"]
[WhiteElo "2052"]
[BlackElo "1663"]
[PlyCount "95"]
[EventDate "2007.03.31"]

1. d4 d5 2. c4 e6 3. Nc3 Nf6 4. cxd5 exd5 5. Bg5 c6 6. e3 Be7 7. Qc2 Nbd7 8.
Bd3 h6 9. Bh4 O-O 10. Nf3 Re8 11. O-O Nb6 12. Rab1 Be6 13. b4 Rc8 14. Na4 Nxa4
15. Qxa4 a6 16. Rfc1 Ne4 17. Bxe7 Qxe7 18. Qc2 Nf6 19. a4 Qd6 20. h3 Red8 21.
Nd2 Qd7 22. Nb3 Qe7 23. Nc5 Rc7 24. Qd2 Nd7 25. Nb3 Nb6 26. Ra1 Qg5 27. Kh2 Bf5
28. b5 Bxd3 29. Qxd3 axb5 30. axb5 Nc4 31. bxc6 bxc6 32. Nc5 Re8 33. Ra6 Qf6
34. Kg1 g5 35. Rca1 Kg7 36. Ra8 Rxa8 37. Rxa8 Nd6 38. Qb1 Nb5 39. Qa1 Qe7 40.
Qa6 f5 41. Qb6 Nxd4 42. exd4 Qe1+ 43. Kh2 Re7 44. Ra2 Re2 45. Rxe2 Qxe2 46.
Qc7+ Kg6 47. Qxc6+ Kh5 48. Qxd5 1-0

[Event "aut_ychb18 Bad Ischl"]
[Site "?"]
[Date "2007.04.02"]
[Round "5.6"]
[White "Klocker, Benedikt"]
[Black "Heiny, Johannes"]
[Result "0-1"]
[WhiteElo "2008"]
[BlackElo "2182"]
[PlyCount "68"]
[EventDate "2007.03.31"]

1. e4 e6 2. d4 d5 3. Nc3 Bb4 4. e5 Ne7 5. a3 Bxc3+ 6. bxc3 c5 7. Qg4 O-O 8. Bd3
Nbc6 9. Qh5 Ng6 10. Be3 Qa5 11. Bd2 c4 12. Bxg6 fxg6 13. Qe2 Bd7 14. Nf3 Ne7
15. g4 Ba4 16. Ra2 Rac8 17. h4 h6 18. Qe3 Rc6 19. h5 Rb6 20. Ke2 Be8 21. hxg6
Nxg6 22. g5 Rf4 23. Qxf4 Nxf4+ 24. Bxf4 h5 25. Bd2 Rb5 26. Nh4 Qb6 27. Raa1 Rb2
28. Rhc1 Ba4 29. Kd1 Qc7 30. f4 Qf7 31. Be3 Kf8 32. Kd2 Ke8 33. Kd1 Kd8 34.
Rab1 Bxc2+ 0-1

[Event "aut_ychb18 Bad Ischl"]
[Site "?"]
[Date "2007.04.02"]
[Round "5.7"]
[White "Schmid, Andreas"]
[Black "Reinwald, Patrick"]
[Result "1/2-1/2"]
[WhiteElo "1927"]
[BlackElo "1865"]
[PlyCount "108"]
[EventDate "2007.03.31"]

1. e4 e5 2. Nf3 Nc6 3. Bc4 Nf6 4. d3 Be7 5. Nc3 d6 6. a3 O-O 7. Be3 Be6 8. O-O
d5 9. exd5 Nxd5 10. Nxd5 Bxd5 11. Bxd5 Qxd5 12. Nd2 f5 13. Qf3 Qe6 14. Nb3 e4
15. dxe4 fxe4 16. Qe2 Bd6 17. Nd2 Qe5 18. g3 Rae8 19. b4 Qf5 20. f3 exf3 21.
Nxf3 Qe4 22. Rae1 Ne5 23. Nxe5 Rxf1+ 24. Rxf1 Qxe5 25. Rf3 a5 26. Qc4+ Qe6 27.
Qxe6+ Rxe6 28. c3 axb4 29. axb4 b6 30. Kf2 Rf6 31. Rxf6 gxf6 32. Kf3 Kf7 33.
Bf4 Ke6 34. Bxd6 cxd6 35. Ke4 d5+ 36. Kd4 Kd6 37. g4 h6 38. h3 Kc6 39. c4 dxc4
40. Kxc4 b5+ 41. Kd4 Kd6 42. Ke4 Ke6 43. h4 Kd6 44. Kf5 Kd5 45. Kxf6 Kc4 46. g5
hxg5 47. hxg5 Kxb4 48. g6 Kc3 49. g7 b4 50. g8=Q b3 51. Qg3+ Kc2 52. Qf2+ Kb1
53. Ke5 b2 54. Qf5+ Ka1 1/2-1/2

[Event "aut_ychb18 Bad Ischl"]
[Site "?"]
[Date "2007.04.02"]
[Round "5.8"]
[White "Pfneiszl, Markus"]
[Black "Redl, Stefan"]
[Result "0-1"]
[WhiteElo "1893"]
[BlackElo "1701"]
[PlyCount "96"]
[EventDate "2007.03.31"]

1. e4 c5 2. Nf3 d6 3. d4 cxd4 4. Nxd4 Nf6 5. Nc3 g6 6. Be3 Bg7 7. f3 O-O 8. Qd2
Nc6 9. O-O-O Nxd4 10. Bxd4 Be6 11. g4 Qa5 12. Kb1 Rfc8 13. Nd5 Qxd2 14. Nxe7+
Kf8 15. Rxd2 Kxe7 16. h4 a6 17. Bg2 Rc4 18. Bf1 Rc7 19. Bb6 Rc6 20. Ba5 Ne8 21.
Bb4 Rb6 22. Ba3 Rc8 23. Be2 Be5 24. Bd1 Nc7 25. b3 Nb5 26. Bb4 Nc3+ 27. Bxc3
Rxc3 28. h5 a5 29. Rf1 a4 30. f4 Bg7 31. f5 gxf5 32. exf5 Bd7 33. g5 Be5 34.
Bg4 Bc6 35. Re1 Rb4 36. f6+ Ke8 37. Rxd6 Re4 38. Rdd1 Rce3 39. Rg1 Rg3 40. Rxg3
Bxg3 41. Bf5 Re5 42. g6 fxg6 43. hxg6 Rxf5 44. gxh7 Rh5 45. Rg1 a3 46. Kc1 Bf4+
47. Kd1 Rxh7 48. Re1+ Kf8 0-1

[Event "aut_ychb18 Bad Ischl"]
[Site "?"]
[Date "2007.04.02"]
[Round "5.9"]
[White "Bisztyga, Oliver"]
[Black "Ressmann, Walter"]
[Result "1/2-1/2"]
[WhiteElo "1600"]
[BlackElo "1825"]
[PlyCount "80"]
[EventDate "2007.03.31"]

1. e4 e6 2. d4 d5 3. e5 c5 4. c3 Nc6 5. Nf3 Qb6 6. a3 a5 7. Be2 Nge7 8. O-O
cxd4 9. cxd4 Nf5 10. Nc3 Nfxd4 11. Be3 Nxf3+ 12. Bxf3 Qd8 13. Bf4 Be7 14. Qd2
O-O 15. Rfe1 Bd7 16. Rac1 Rc8 17. Ne2 Kh8 18. Nd4 Rg8 19. Bg4 Nxd4 20. Qxd4
Rxc1 21. Rxc1 Qb8 22. Qd2 b6 23. Be2 Rc8 24. Ba6 Rxc1+ 25. Qxc1 b5 26. Be3 Qxe5
27. Bxb5 Qd6 28. Bf4 e5 29. Bxd7 exf4 30. Qc6 Qxc6 31. Bxc6 Bf6 32. Bxd5 Bxb2
33. a4 Kg8 34. Kf1 Kf8 35. Ke2 Ke7 36. Kf3 Bc1 37. Bc4 f5 38. Bd3 Kf6 39. g3 g5
40. g4 fxg4+ 1/2-1/2

[Event "aut_ychb18 Bad Ischl"]
[Site "?"]
[Date "2007.04.03"]
[Round "6.1"]
[White "Breneis, Lukas"]
[Black "Froewis, Georg"]
[Result "0-1"]
[WhiteElo "2044"]
[BlackElo "2141"]
[PlyCount "68"]
[EventDate "2007.03.31"]

1. e4 e6 2. d4 d5 3. e5 c5 4. c3 Nc6 5. Nf3 Qb6 6. a3 Nh6 7. b4 cxd4 8. cxd4
Nf5 9. Bb2 Be7 10. Be2 Bd7 11. O-O h5 12. b5 Na5 13. Nc3 Rc8 14. Na4 Qd8 15.
Bc3 Nc4 16. Bxc4 Rxc4 17. Nd2 Rc8 18. Qb3 O-O 19. Rab1 a6 20. bxa6 Bxa4 21.
Qxa4 Rxc3 22. axb7 Rxa3 23. Qd1 Qc7 24. Qc1 Rc3 25. Qb2 Rb8 26. Nf3 Rc4 27. Qa2
Rb4 28. Rxb4 Bxb4 29. Qe2 Rxb7 30. Ng5 Be7 31. Nxf7 Kxf7 32. Qxh5+ Kg8 33. g4
Nxd4 34. Ra1 Rb8 0-1

[Event "aut_ychb18 Bad Ischl"]
[Site "?"]
[Date "2007.04.03"]
[Round "6.2"]
[White "Heiny, Johannes"]
[Black "Schwarhofer, Christopher"]
[Result "0-1"]
[WhiteElo "2182"]
[BlackElo "2146"]
[PlyCount "134"]
[EventDate "2007.03.31"]

1. d4 Nf6 2. c4 e5 3. dxe5 Ng4 4. Bf4 Nc6 5. Nf3 Bb4+ 6. Nbd2 Qe7 7. e3 Ngxe5
8. Nxe5 Nxe5 9. Be2 O-O 10. O-O d6 11. Nb3 a5 12. a3 Bc5 13. Nxc5 dxc5 14. Qc2
f5 15. Rad1 c6 16. Qc3 Nf7 17. Rd2 Be6 18. Rfd1 Rfd8 19. h3 b6 20. a4 Rxd2 21.
Rxd2 Rd8 22. Rxd8+ Qxd8 23. Qd3 Qf6 24. b3 Qe7 25. Bf3 Qb7 26. e4 g6 27. h4 Qc8
28. Qe3 Qd7 29. h5 g5 30. exf5 gxf4 31. fxe6 fxe3 32. exd7 exf2+ 33. Kxf2 Nd8
34. g4 h6 35. Be4 Kg7 36. Bf5 Kf6 37. Ke3 Nf7 38. Bg6 Nd8 39. Ke4 Ne6 40. Bf5
Ng5+ 41. Kf4 Nf7 42. Be4 Nd8 43. g5+ hxg5+ 44. Kg4 Nf7 45. Kg3 Ke7 46. Bxc6 Nh6
47. Kf3 Kd8 48. Ke4 Kc7 49. Ke5 Kxc6 50. Ke6 Kc7 51. Ke7 Ng8+ 52. Kf7 g4 53.
Kxg8 g3 54. h6 g2 55. h7 g1=Q+ 56. Kf7 Qh2 57. Kg7 Qg3+ 58. Kf7 Qh4 59. Kg7
Qg5+ 60. Kf7 Qh6 61. Ke8 Qe6+ 62. Kf8 Qf6+ 63. Kg8 Qg6+ 64. Kh8 Kxd7 65. b4
cxb4 66. c5 Ke7 67. cxb6 Kf7 0-1

[Event "aut_ychb18 Bad Ischl"]
[Site "?"]
[Date "2007.04.03"]
[Round "6.4"]
[White "Pachta, Paul"]
[Black "Radnetter, Georg"]
[Result "1/2-1/2"]
[WhiteElo "2256"]
[BlackElo "2094"]
[PlyCount "100"]
[EventDate "2007.03.31"]

1. Nf3 e6 2. c4 Nf6 3. Nc3 b6 4. e4 d6 5. d4 Be7 6. Bd3 Bb7 7. O-O Nbd7 8. d5
e5 9. a3 a5 10. Rb1 O-O 11. b4 h6 12. Ne2 Nh5 13. Ng3 Nf4 14. Nf5 Bg5 15. Nxg5
hxg5 16. g3 Nxd3 17. Qxd3 g6 18. Ne3 Bc8 19. Ng4 Nb8 20. Qf3 Kg7 21. Ne3 Nd7
22. Kg2 Nf6 23. h3 Nh5 24. Rh1 Qe8 25. Nc2 f5 26. Bxg5 fxe4 27. Qxe4 Bf5 28.
Qe2 axb4 29. g4 Bxc2 30. Qxc2 Nf4+ 31. Bxf4 Rxf4 32. axb4 Qe7 33. Rhe1 Raf8 34.
Re2 Qh4 35. Rh1 Rf3 36. c5 bxc5 37. bxc5 R8f4 38. cxd6 cxd6 39. Rh2 Kf6 40. Qb2
Kg5 41. Qb6 e4 42. Qd8+ Rf6 43. Kg1 e3 44. Qb6 exf2+ 45. Rexf2 Rxf2 46. Rxf2
Qg3+ 47. Rg2 Qe1+ 48. Kh2 Qe5+ 49. Kg1 Qe1+ 50. Kh2 Qe5+ 1/2-1/2

[Event "aut_ychb18 Bad Ischl"]
[Site "?"]
[Date "2007.04.03"]
[Round "6.5"]
[White "Azad, Razik"]
[Black "Fandler, Simon"]
[Result "1/2-1/2"]
[WhiteElo "1974"]
[BlackElo "2035"]
[PlyCount "62"]
[EventDate "2007.03.31"]

1. e4 e5 2. Nf3 Nf6 3. Nxe5 d6 4. Nf3 Nxe4 5. Nc3 Nf6 6. d4 d5 7. Bd3 Bd6 8.
Bg5 c6 9. Ne5 Qb6 10. O-O Be6 11. Ne2 Nbd7 12. Nxd7 Nxd7 13. c3 h6 14. Bf4 Qc7
15. Qd2 O-O-O 16. b4 g5 17. Bxd6 Qxd6 18. b5 Nb6 19. a4 Nc4 20. Bxc4 dxc4 21.
bxc6 Qxc6 22. Rfb1 Kb8 23. d5 Bxd5 24. Nd4 Qg6 25. Rb5 Qe4 26. f3 Qd3 27. Qb2
Rhe8 28. Rb1 Re7 29. Qb4 Qe3+ 30. Kf1 Qd3+ 31. Kg1 Qe3+ 1/2-1/2

[Event "aut_ychb18 Bad Ischl"]
[Site "?"]
[Date "2007.04.03"]
[Round "6.6"]
[White "Redl, Stefan"]
[Black "Reinwald, Patrick"]
[Result "1/2-1/2"]
[WhiteElo "1701"]
[BlackElo "1865"]
[PlyCount "33"]
[EventDate "2007.03.31"]

1. c4 e5 2. Nc3 d6 3. g3 f5 4. Bg2 Nf6 5. e3 g6 6. Nge2 Bg7 7. b4 O-O 8. O-O c6
9. Rb1 g5 10. f4 gxf4 11. exf4 e4 12. Qc2 b6 13. Kh1 Ng4 14. Nd1 Nd7 15. h3
Ngf6 16. Ne3 Nb8 17. c5 1/2-1/2

[Event "aut_ychb18 Bad Ischl"]
[Site "?"]
[Date "2007.04.03"]
[Round "6.7"]
[White "Weinberger, Simon"]
[Black "Schmid, Andreas"]
[Result "1-0"]
[WhiteElo "1982"]
[BlackElo "1927"]
[PlyCount "121"]
[EventDate "2007.03.31"]

1. e4 c5 2. Nf3 Nc6 3. d4 cxd4 4. Nxd4 g6 5. c4 Bg7 6. Be3 Nf6 7. Nc3 Ng4 8.
Qxg4 Nxd4 9. Qd1 Nc6 10. Be2 d6 11. O-O O-O 12. Qd2 Re8 13. f4 b6 14. f5 Bb7
15. Nd5 Ne5 16. Rad1 Bxd5 17. Qxd5 Qc7 18. b3 Qc6 19. fxg6 hxg6 20. Bf3 Bf6 21.
Qxc6 Nxc6 22. e5 Nxe5 23. Bxa8 Rxa8 24. h3 Rc8 25. g4 Rc7 26. Kg2 Kf8 27. Rf2
Ke8 28. a4 Kd7 29. Bd4 Ke6 30. Kg3 Rc8 31. h4 Rh8 32. g5 Bg7 33. a5 Rb8 34.
axb6 axb6 35. Ra2 b5 36. c5 dxc5 37. Bxc5 Rb7 38. Kf4 f6 39. Ra6+ Kf7 40. Rb6
Rxb6 41. Bxb6 Ke6 42. Rd8 Nd7 43. Be3 f5 44. Rg8 Kf7 45. Ra8 Bc3 46. Ra7 Ke6
47. Ra6+ Kf7 48. Kf3 Be1 49. h5 gxh5 50. g6+ Kg7 51. Kf4 h4 52. Kxf5 h3 53. Bf4
Nf8 54. Be5+ Kg8 55. g7 e6+ 56. Kg4 h2 57. Ra8 Bb4 58. gxf8=Q+ Bxf8 59. Bxh2
Kf7 60. Be5 Bc5 61. Rb8 1-0

[Event "aut_ychb18 Bad Ischl"]
[Site "?"]
[Date "2007.04.03"]
[Round "6.8"]
[White "Wetscher, Wolfgang"]
[Black "Bisztyga, Oliver"]
[Result "1-0"]
[WhiteElo "1663"]
[BlackElo "1600"]
[PlyCount "45"]
[EventDate "2007.03.31"]

1. Nf3 Nf6 2. g3 g6 3. Bg2 Bg7 4. O-O O-O 5. Re1 d5 6. d4 c6 7. Nbd2 Re8 8. b3
Nbd7 9. Bb2 Kh8 10. c4 e6 11. Qc2 Ng8 12. h4 e5 13. Ng5 Qe7 14. Ba3 Qf6 15.
cxd5 exd4 16. dxc6 Ne5 17. cxb7 d3 18. bxa8=Q Qxf2+ 19. Kxf2 Ng4+ 20. Kg1 Bd4+
21. e3 Rxe3 22. Rxe3 Bxe3+ 23. Kf1 1-0

[Event "aut_ychb18 Bad Ischl"]
[Site "?"]
[Date "2007.04.03"]
[Round "6.9"]
[White "Ressmann, Walter"]
[Black "Pfneiszl, Markus"]
[Result "0-1"]
[WhiteElo "1825"]
[BlackElo "1893"]
[PlyCount "96"]
[EventDate "2007.03.31"]

1. d4 Nf6 2. Nf3 c5 3. c3 e6 4. Bg5 cxd4 5. Bxf6 Qxf6 6. cxd4 Nc6 7. a3 d5 8.
e3 Bd6 9. Bd3 O-O 10. Qc2 h6 11. h4 Bd7 12. Nc3 Rfc8 13. Qe2 a6 14. g4 Qd8 15.
g5 h5 16. g6 fxg6 17. Bxg6 Be8 18. Bd3 Be7 19. O-O-O Na5 20. Qc2 b5 21. Rdg1 b4
22. axb4 Bxb4 23. Rg2 Bxc3 24. bxc3 Rxc3 25. Qxc3 Rc8 26. Qxc8 Qxc8+ 27. Kd2
Bb5 28. Bxb5 axb5 29. Ne5 Nb3+ 30. Ke2 Qc2+ 31. Kf3 Nd2+ 32. Kg3 Ne4+ 33. Kh2
Nf6 34. Ra1 Ng4+ 35. Kg1 Nxe5 36. dxe5 Qc7 37. f4 Qc3 38. Ra8+ Kh7 39. Kf2 Qd2+
40. Kf3 Qd1+ 41. Kf2 d4 42. Ra2 b4 43. Rg1 dxe3+ 44. Kg2 Qd5+ 45. Kh3 Qxa2 46.
f5 Qf2 47. Rxg7+ Kxg7 48. f6+ Kh7 0-1

[Event "aut_ychb18 Bad Ischl"]
[Site "?"]
[Date "2007.04.04"]
[Round "7.1"]
[White "Froewis, Georg"]
[Black "Pachta, Paul"]
[Result "0-1"]
[WhiteElo "2141"]
[BlackElo "2256"]
[PlyCount "52"]
[EventDate "2007.03.31"]

1. e4 c5 2. Nf3 e6 3. c4 Nc6 4. Nc3 e5 5. g3 d6 6. Bg2 g6 7. d3 Bg7 8. Be3 Nge7
9. Qd2 O-O 10. Nh4 a6 11. O-O Rb8 12. f4 exf4 13. Bxf4 b5 14. Rab1 Nd4 15. Bh6
Bxh6 16. Qxh6 bxc4 17. e5 Ndf5 18. Nxf5 Nxf5 19. Qc1 dxe5 20. g4 Qd4+ 21. Kh1
Ne3 22. Ne4 f5 23. gxf5 Bxf5 24. Rg1 Nxg2 25. Rxg2 Qxd3 26. Nc3 Qf3 0-1

[Event "aut_ychb18 Bad Ischl"]
[Site "?"]
[Date "2007.04.04"]
[Round "7.2"]
[White "Schwarhofer, Christopher"]
[Black "Lampl, Gerald"]
[Result "1-0"]
[WhiteElo "2146"]
[BlackElo "2052"]
[PlyCount "83"]
[EventDate "2007.03.31"]

1. e4 c6 2. c4 d5 3. cxd5 cxd5 4. exd5 Nf6 5. Nc3 g6 6. Nf3 Bg7 7. Qb3 O-O 8.
d4 Nbd7 9. a4 Nb6 10. a5 Nbxd5 11. Bc4 e6 12. O-O h6 13. Re1 Qd6 14. Ne5 Qb4
15. Qc2 b5 16. Bd2 bxc4 17. Nxd5 Qd6 18. Nxf6+ Bxf6 19. Bxh6 Rd8 20. Nxg6 Qxd4
21. Rad1 Qg4 22. Rxd8+ Bxd8 23. Ne5 Qh5 24. Bd2 Bc7 25. Bc3 f6 26. Qe4 Rb8 27.
Ng4 Kf8 28. Qxc4 Bxa5 29. Nxf6 Qf5 30. Bxa5 Qxa5 31. Rd1 Ke7 32. Qh4 Kf7 33.
Ne4 Qe5 34. Qh7+ Qg7 35. Ng5+ Kf6 36. Ne4+ Kf7 37. Qh5+ Qg6 38. Qe5 Rb7 39.
Ng5+ Ke7 40. Qc5+ Kf6 41. Qxc8 Rg7 42. h4 1-0

[Event "aut_ychb18 Bad Ischl"]
[Site "?"]
[Date "2007.04.04"]
[Round "7.3"]
[White "Kuran, Avelino"]
[Black "Breneis, Lukas"]
[Result "1-0"]
[WhiteElo "2056"]
[BlackElo "2044"]
[PlyCount "55"]
[EventDate "2007.03.31"]

1. Nf3 Nf6 2. c4 g6 3. g3 Bg7 4. Bg2 O-O 5. Nc3 d6 6. O-O Nc6 7. d4 Bd7 8. Bf4
Nh5 9. Be3 e5 10. dxe5 Nxe5 11. Nxe5 Bxe5 12. Bd4 Be6 13. Bxe5 dxe5 14. Qb3 Rb8
15. Rfd1 Qe7 16. Qb5 Rfe8 17. b3 f6 18. Bd5 c6 19. Bxe6+ Qxe6 20. Qc5 f5 21.
Rd6 Qe7 22. Rad1 e4 23. Qxa7 Qg5 24. e3 Nf6 25. h4 Qg4 26. Rxf6 Rbd8 27. Rxd8
Rxd8 28. Qxb7 1-0

[Event "aut_ychb18 Bad Ischl"]
[Site "?"]
[Date "2007.04.04"]
[Round "7.4"]
[White "Radnetter, Georg"]
[Black "Fandler, Simon"]
[Result "1/2-1/2"]
[WhiteElo "2094"]
[BlackElo "2035"]
[PlyCount "30"]
[EventDate "2007.03.31"]

1. e4 e5 2. Nf3 Nf6 3. Nxe5 d6 4. Nf3 Nxe4 5. d4 d5 6. Bd3 Bd6 7. O-O O-O 8. c4
c6 9. cxd5 cxd5 10. Nc3 Nxc3 11. bxc3 Bg4 12. Rb1 Nd7 13. Rb5 Nb6 14. Re1 Qf6
15. a4 Bxf3 1/2-1/2

[Event "aut_ychb18 Bad Ischl"]
[Site "?"]
[Date "2007.04.04"]
[Round "7.5"]
[White "Azad, Razik"]
[Black "Heiny, Johannes"]
[Result "1/2-1/2"]
[WhiteElo "1974"]
[BlackElo "2182"]
[PlyCount "56"]
[EventDate "2007.03.31"]

1. e4 c6 2. d4 d5 3. Nc3 dxe4 4. Nxe4 Bf5 5. Ng3 Bg6 6. Nf3 Nd7 7. h4 h6 8. h5
Bh7 9. Bd3 Bxd3 10. Qxd3 Ngf6 11. Bf4 e6 12. O-O-O Be7 13. Kb1 O-O 14. Ne4 Nxe4
15. Qxe4 Nf6 16. Qe2 Qd5 17. Ne5 Qe4 18. Qxe4 Nxe4 19. Rhf1 Rfd8 20. f3 Nf6 21.
g4 Nd7 22. c4 Bg5 23. Bxg5 hxg5 24. Kc2 f6 25. Ng6 Nf8 26. Rfe1 Kf7 27. Nxf8
Rxf8 28. Kc3 Rad8 1/2-1/2

[Event "aut_ychb18 Bad Ischl"]
[Site "?"]
[Date "2007.04.04"]
[Round "7.6"]
[White "Redl, Stefan"]
[Black "Weinberger, Simon"]
[Result "0-1"]
[WhiteElo "1701"]
[BlackElo "1982"]
[PlyCount "43"]
[EventDate "2007.03.31"]

1. c4 Nf6 2. Nc3 c5 3. Nf3 d5 4. cxd5 Nxd5 5. g3 Nc6 6. Bg2 Nc7 7. d3 e5 8. O-O
Be7 9. Bd2 O-O 10. Rc1 Bd7 11. a3 a5 12. Na4 Ne6 13. Nc3 Rb8 14. Be3 f5 15. Qb3
Kh8 16. Na4 b6 17. Nc3 g5 18. Qd1 g4 19. Ne1 f4 20. Bd2 Ncd4 21. Ne4 Qe8 22.
Nc3 0-1